Halte à la haine (Record no. 46387)
[ view plain ]
| 000 -LEADER | |
|---|---|
| fixed length control field | 00758nam a22002177a 4500 |
| 003 - CONTROL NUMBER IDENTIFIER | |
| control field | 0 |
| 005 - DATE AND TIME OF LATEST TRANSACTION | |
| control field | 20160609165116.0 |
| 008 - FIXED-LENGTH DATA ELEMENTS--GENERAL INFORMATION | |
| fixed length control field | 091019t xxu||||| |||| 00| 0 eng d |
| 040 ## - SOURCE DU CATALOGAGE | |
| Original cataloging agency | BUAC |
| Language of cataloging | FR |
| Transcribing agency | BAC |
| 041 ## - CODE DE LANGUE | |
| Language code of text/sound track or separate title | FR |
| 082 ## - DEWEY DECIMAL CLASSIFICATION NUMBER | |
| Classification number | 303.3 ROS |
| 100 ## - VEDETTE PRINCIPALE - NOM DE PERSONNE | |
| Personal name | Stern-Larosa, Caryl |
| 9 (RLIN) | 1443 |
| 245 ## - TITLE STATEMENT | |
| Title | Halte à la haine |
| Remainder of title | Comment les enfants apprennent et désapprennent les préjugés |
| 260 ## - PUBLICATION, DISTRIBUTION, ETC. (IMPRINT) | |
| Place of publication, distribution, etc | Paris |
| Name of publisher, distributor, etc | Nouveaux Horizons |
| Date of publication, distribution, etc | 2004 |
| 300 ## - PHYSICAL DESCRIPTION | |
| Extent | 189 |
| Other physical details | Couv.ill. en coul. |
| Dimensions | 24cm. |
| 500 ## - GENERAL NOTE | |
| General note | Titre original: The Anti-Defamation League's Hate Hurts: How Children Learn and Unlearn Prejudice. |
| 600 ## - SUBJECT ADDED ENTRY--PERSONAL NAME | |
| Personal name | Bettmann, Ellen Hofheimer |
| 9 (RLIN) | 1444 |
| 650 ## - SUBJECT ADDED ENTRY--TOPICAL TERM | |
| Topical term or geographic name as entry element | Haine |
| Topical term following geographic name as entry element | Préjugés |
| 9 (RLIN) | 1445 |
| 700 ## - ADDED ENTRY--PERSONAL NAME | |
| Personal name | Trad. de l'américain par Marie-France Pavillet |
| 9 (RLIN) | 1446 |
| 942 ## - ADDED ENTRY ELEMENTS (KOHA) | |
| Koha item type | Livre |
| Withdrawn status | Lost status | Damaged status | Not for loan | Location (home branch) | Sublocation or collection (holding branch) | Date acquired | Source of acquisition | Koha issues (times borrowed) | Koha full call number | Piece designation (barcode) | Koha date last seen | Copy number | Price effective from | Koha item type |
|---|---|---|---|---|---|---|---|---|---|---|---|---|---|---|
| Bibliothèque American Corner de l'UAC | Bibliothèque American Corner de l'UAC | 19/10/2009 | Don CCA | 303.3 ROS | 00162BAC | 19/10/2009 | 1 | 19/10/2009 | Livre |